| 000 | 01026nam0a22002531 4500 | ||
|---|---|---|---|
| 001 | rc\4153003 | ||
| 005 | 20130415183823.5 | ||
| 021 |
_aRU _b[51-234] |
||
| 035 | _a(NLR Aleph) 008171206 | ||
| 090 |
_a7855743 _c7855743 |
||
| 100 | _a20130415d1950 |||y0rusy50 ca | ||
| 101 | 0 | _arus | |
| 102 | _aRU | ||
| 105 | _aa z ||||| | ||
| 200 | 1 |
_aСкоростная проходка под сжатым воздухом вентиляционного ствола шахты № 44 "Смородинская" _fМ-во угольной пром-сти СССР. Техн. упр. по эксплуатации. Бюро техн. информации |
|
| 210 |
_aМосква _cУглетехиздат _d1950 |
||
| 215 |
_a16 с., 2 л. черт. _cчерт. _d22 |
||
| 606 |
_aПроходка шахт, кесонная _2psbo |
||
| 700 | 1 |
_aСергеев _bН. В. _gНиколай Владимирович |
|
| 801 | 0 |
_aRU _bNLR _gpsbo |
|
| 801 | 1 |
_aRU _bELAR _2rusmarc |
|
| 852 |
_aNLR _jТ26 Г-6/662 |
||
| 942 | _cBOOK | ||
| 980 | _aNB | ||